New cutting edge, (Record no. 13049)

MARC details
000 -LEADER
fixed length control field 01417nam a22003975a 4500
003 - CONTROL NUMBER IDENTIFIER
control field EG-ScBUE
005 - DATE AND TIME OF LATEST TRANSACTION
control field 20220525123507.0
006 - FIXED-LENGTH DATA ELEMENTS--ADDITIONAL MATERIAL CHARACTERISTICS--GENERAL INFORMATION
fixed length control field a||||fr|||| 000 0
008 - FIXED-LENGTH DATA ELEMENTS--GENERAL INFORMATION
fixed length control field 091215r20062005enk f 000 0 eng d
020 ## - INTERNATIONAL STANDARD BOOK NUMBER
International Standard Book Number 9780582825017 (Student book)
020 ## - INTERNATIONAL STANDARD BOOK NUMBER
International Standard Book Number 0582825016 (Student book)
020 ## - INTERNATIONAL STANDARD BOOK NUMBER
International Standard Book Number 0582825032 (Workbook)
020 ## - INTERNATIONAL STANDARD BOOK NUMBER
International Standard Book Number 9780582825031 (Workbook)
040 ## - CATALOGING SOURCE
Original cataloging agency EG-ScBUE
Language of cataloging eng
Description conventions rda
Transcribing agency EG-ScBUE
Modifying agency EG-ScBUE
082 04 - DEWEY DECIMAL CLASSIFICATION NUMBER
Classification number 428.24
Item number CUN
Edition number 22
100 1# - MAIN ENTRY--PERSONAL NAME
Personal name Cunningham, Sarah,
Dates associated with a name 1960-
Relator term author.
9 (RLIN) 14281
245 10 - TITLE STATEMENT
Title New cutting edge,
Name of part/section of a work Elementary,
-- Workbook /
Statement of responsibility, etc Sarah Cunningham, Peter Moor, Frances Eales.
246 30 - VARYING FORM OF TITLE
Title proper/short title Elementary
246 30 - VARYING FORM OF TITLE
Title proper/short title Workbook
250 ## - EDITION STATEMENT
Edition statement Third impression.
264 #1 - PUBLICATION, DISTRIBUTION, ETC. (IMPRINT)
Place of publication, distribution, etc Harlow, England :
Name of publisher, distributor, etc Pearson Education Limited,
Date of publication, distribution, etc 2006.
300 ## - PHYSICAL DESCRIPTION
Extent 175 pages :
Other physical details illustrations ;
Dimensions 28 cm
336 ## - CONTENT TYPE
Source rdacontent
Content type term text
Content type code txt
337 ## - MEDIA TYPE
Source rdamedia
Media type term unmediated
Media type code n
338 ## - CARRIER TYPE
Source rdacarrier
Carrier type term volume
Carrier type code nc
500 ## - GENERAL NOTE
General note Mini -Dictionary in pocket of Students' book.
505 0# - FORMATTED CONTENTS NOTE
Formatted contents note Student' book -- Workbook.
650 #7 - SUBJECT ADDED ENTRY--TOPICAL TERM
Topical term or geographic name as entry element English language
Form subdivision Textbooks for foreign speakers.
Source of heading or term BUEsh
9 (RLIN) 13993
650 #7 - SUBJECT ADDED ENTRY--TOPICAL TERM
Topical term or geographic name as entry element English language
General subdivision Grammar
Form subdivision Problems, exercises, etc.
Source of heading or term BUEsh
9 (RLIN) 13890
651 ## - SUBJECT ADDED ENTRY--GEOGRAPHIC NAME
Source of heading or term BUEsh
653 ## - INDEX TERM--UNCONTROLLED
Resource For college Humanities: English
Arrived date list November2018
655 ## - INDEX TERM--GENRE/FORM
Form subdivision Reading book
9 (RLIN) 34232
700 1# - ADDED ENTRY--PERSONAL NAME
Personal name Moor, Peter,
Dates associated with a name 1957-
Relator term author.
9 (RLIN) 14290
700 1# - ADDED ENTRY--PERSONAL NAME
Personal name Eales, Frances,
Relator term author.
9 (RLIN) 9991
942 ## - ADDED ENTRY ELEMENTS (KOHA)
Source of classification or shelving scheme Dewey Decimal Classification
Koha item type Book - Borrowing
Holdings
Withdrawn status Lost status Source of classification or shelving scheme Damaged status Not for loan Collection code Home library Current library Shelving location Date acquired Source of acquisition Total Checkouts Full call number Barcode Date last seen Price effective from Koha item type Public note Date checked out Total Renewals Checked out
    Dewey Decimal Classification     Baccah Central Library Central Library Second Floor 15/12/2009     428.24 CUN 000019354 15/07/2025 15/12/2009 NB - Book (Non borrowing) Students' Book+ Mini-Dictionary      
    Dewey Decimal Classification     Baccah Central Library Central Library Second Floor 15/12/2009   3 428.24 CUN 000019353 15/07/2025 15/12/2009 Book - Borrowing Students' Book+Mini-Dictionary 09/04/2017    
    Dewey Decimal Classification     Baccah Central Library Central Library Second Floor 15/12/2009   1 428.24 CUN 000019356 12/07/2012 15/12/2009 Book - Borrowing Students' Book+Mini-Dictionary 12/07/2012 14 15/02/2023
    Dewey Decimal Classification     Baccah Central Library Central Library Second Floor 01/07/2010     428.24 CUN 000019358 15/07/2025 01/07/2010 NB - Book (Non borrowing) Work Book      
    Dewey Decimal Classification     Baccah Central Library Central Library Second Floor 01/07/2010   2 428.24 CUN 000019357 12/07/2012 01/07/2010 Book - Borrowing Work Book 12/07/2012 14 15/02/2023
    Dewey Decimal Classification     Baccah Central Library Central Library Second Floor 01/07/2010   1 428.24 CUN 000019355 15/07/2025 01/07/2010 Book - Borrowing Work Book 09/04/2017